000
00508nam a2200169Ia 4500
008
090711s9999 xx 000 0 und d
082
_b
66981
100
_a
सोवनी रा. वि.
245
_a
कन्सल्टिंग रुम
260
_c
1977
300
_a
92
600
_a
सोवनी रा. वि.
630
_a
कन्सल्टिंग रुम
700
_a
सोवनी रा. वि.
730
_a
कन्सल्टिंग रुम
942
_c
BOOK
999
_c
309143
_d
309143